Дерево растет в Бруклине: роман; пер. с англ.

التفاصيل البيبلوغرافية
المؤلف الرئيسي: Смит Б. Бетти
مؤلفون آخرون: Климовицкая И. Ирина (переводчик)
الملخص:Фрэнси Нолан видит мир не таким, как другие, - она подмечает хорошее и плохое, знает, что жизнь полна несправедливости, но при этом полна добрых людей. Она каждый день ходит в библиотеку за новой книгой и читает ее, сидя на пожарном балконе в тени огромного дерева. И почти все считают ее странноватой. Семья Фрэнси живет в бедняцком районе Бруклина, и все соседи знают, что без драм у Ноланов не обходится. Отец, Джонни, невероятный красавец, сын ирландских эмигрантов, работает поющим официантом и часто выпивает, поэтому матери, Кэти, приходится работать за двоих, чтобы прокормить семью. Да еще и сплетни подогревает сестра Кэти, тетушка Сисси, которая выходит замуж быстрее, чем разводится с мужьями. Но при этом дом Ноланов полон любви, и все счастливы, несмотря на трудную жизнь. Каждый из них верит, что завтра будет лучше, но понимает, что сможет выстоять перед любыми нападками судьбы. Почему у них есть такая уверенность? Чтобы понять это, нужно познакомиться с каждым членом семьи.
اللغة:الروسية
منشور في: Москва, Эксмо, 2018
الموضوعات:
التنسيق: MixedMaterials كتاب
KOHA link:https://koha.lib.tpu.ru/cgi-bin/koha/opac-detail.pl?biblionumber=346055

MARC

LEADER 00000nam0a2200000 4500
001 346055
005 20231102005838.0
010 |a 9785040958238 
035 |a (RuTPU)RU\TPU\book\377911 
090 |a 346055 
100 |a 20210520d2018 m y0rusy50 ca 
101 1 |a rus  |c eng 
102 |a RU 
105 |a y z 000ay 
200 1 |a Дерево растет в Бруклине  |e роман  |e пер. с англ.  |f Б. Смит  |g пер. И. Климовицкой 
210 |a Москва  |c Эксмо  |d 2018 
215 |a 448 с. 
330 |a Фрэнси Нолан видит мир не таким, как другие, - она подмечает хорошее и плохое, знает, что жизнь полна несправедливости, но при этом полна добрых людей. Она каждый день ходит в библиотеку за новой книгой и читает ее, сидя на пожарном балконе в тени огромного дерева. И почти все считают ее странноватой. Семья Фрэнси живет в бедняцком районе Бруклина, и все соседи знают, что без драм у Ноланов не обходится. Отец, Джонни, невероятный красавец, сын ирландских эмигрантов, работает поющим официантом и часто выпивает, поэтому матери, Кэти, приходится работать за двоих, чтобы прокормить семью. Да еще и сплетни подогревает сестра Кэти, тетушка Сисси, которая выходит замуж быстрее, чем разводится с мужьями. Но при этом дом Ноланов полон любви, и все счастливы, несмотря на трудную жизнь. Каждый из них верит, что завтра будет лучше, но понимает, что сможет выстоять перед любыми нападками судьбы. Почему у них есть такая уверенность? Чтобы понять это, нужно познакомиться с каждым членом семьи. 
606 1 |a Американская литература (англо-язычная литература)  |2 stltpush  |3 (RuTPU)RU\TPU\subj\28887  |9 52349 
610 1 |a художественная литература 
610 1 |a романы 
610 1 |a проза 
675 |a 82  |v 4 
700 1 |a Смит  |b Б.  |g Бетти 
702 1 |a Климовицкая  |b И.  |g Ирина  |4 730 
801 1 |a RU  |b 63413507  |c 20210520 
801 2 |a RU  |b 63413507  |c 20210701  |g RCR 
942 |c BK